|
|
|
|
| LEADER |
00000nam0a2200000 4500 |
| 001 |
289900 |
| 005 |
20231102000230.0 |
| 020 |
|
|
|a RU
|b 83-75373
|
| 035 |
|
|
|a (RuTPU)RU\TPU\book\314421
|
| 090 |
|
|
|a 289900
|
| 100 |
|
|
|a 20150403d1983 km y0rusy5003 ca
|
| 101 |
0 |
|
|a rus
|
| 102 |
|
|
|a UA
|
| 105 |
|
|
|a a z 001zy
|
| 200 |
1 |
|
|a Оборудование для механизации складских работ на промышленных предприятиях
|f В. А. Закорецкий [и др.]
|
| 210 |
|
|
|a Киев
|c Технiка
|d 1983
|
| 215 |
|
|
|a 88 с.
|c ил.
|
| 320 |
|
|
|a Библиогр.: с. 87-88
|
| 606 |
1 |
|
|a Промышленные предприятия
|x Материально-техническое снабжение
|x Прямые хозяйственные связи
|2 stltpush
|3 (RuTPU)RU\TPU\subj\52609
|9 71016
|
| 610 |
1 |
|
|a склады
|
| 610 |
1 |
|
|a работа
|
| 610 |
1 |
|
|a типы
|
| 610 |
1 |
|
|a грузы
|
| 610 |
1 |
|
|a размещение
|
| 610 |
1 |
|
|a хранение
|
| 610 |
1 |
|
|a подъемно-транспортное оборудование
|
| 610 |
1 |
|
|a вспомогательное оборудование
|
| 675 |
|
|
|a 658.7
|v 4
|
| 701 |
|
1 |
|a Закорецкий
|b В. А.
|g Виталий Андреевич
|
| 701 |
|
1 |
|a Костюков
|b Н. П.
|g Николай Павлович
|
| 701 |
|
1 |
|a Гефель
|b Л. И.
|g Лев Игоревич
|
| 701 |
|
1 |
|a Дороганов
|b П. Н.
|g Петр Николаевич
|
| 801 |
|
0 |
|a RU
|b RuMRKP
|c 19950704
|g psbo
|
| 801 |
|
1 |
|a RU
|b 63413507
|c 20150403
|
| 801 |
|
2 |
|a RU
|b 63413507
|c 20170710
|g RCR
|
| 942 |
|
|
|c BK
|